000 01518nam a2200409 a 4500
999 _c9444
_d9444
001 9444
003 BD-JhCC
005 20180314155840.0
008 180314s1961 enk b 001 0 eng d
035 _aBD-JhCC)9444
040 _aBD-JhCC
_cOBE
_dOCL
_dUkOxU
082 _a954.95
090 _aDS32.5
_b.L6 v.1
092 _aD0400476119
092 _a10210160
100 1 _aPhilips, C. H.
_q(Cyril Henry),
_d1912-2005
245 1 0 _aHistorians of India, Pakistan and Ceylon /
_cedited by C.H. Philips.
260 _aLondon :
_bOxford University Press,
_c1961
300 _aix, 504 p. ;
_c25 cm.
490 1 _aSchool of Oriental and African Studies, University of London. Historical writing on the peoples of Asia ;
_vv. 1
504 _aIncludes bibliographical footnotes and index.
651 0 _aSri Lanka
_xHistory
_xHistoriography.
651 0 _aIndia
_xHistory.
_xHistoriography
651 0 _aPakistan
_xHistory
_xHistoriography.
651 0 _aAsia
_xHistory
_xHistoriography.
830 0 _aHistorical writing on the peoples of Asia (School of Oriental and African Studies) ;
_vv.1
942 _2ddc
_cBK